|
|
|
|
| LEADER |
00000ny a22000003n 4500 |
| 003 |
CaPaEBR |
| 005 |
2011062306206.0 |
| 006 |
m u |
| 007 |
cr cn||||||||| |
| 008 |
200607r2004 sp |||||s|||||||||||spa d |
| 020 |
|
|
|a 9788497725521
|
| 035 |
|
|
|a 1244
|
| 040 |
|
|
|a FlNmELB
|c FlNmELB
|d vlex
|
| 050 |
1 |
4 |
|a HM51
|b G569 2004eb
|
| 080 |
|
|
|a 316
|
| 090 |
|
|
|c 1103
|d 1103
|
| 100 |
1 |
|
|a Gm̤ez Sǹchez, Jess︢
|
| 245 |
1 |
4 |
|a Los procesos civiles especiales
|h [Recurso electrn̤ico]
|c Jess︢ Gm̤ez Sǹchez
|
| 256 |
|
|
|a Servicio en ln̕ea
|
| 260 |
|
|
|a Madrid :
|b Dykinson,
|c 2004
|
| 300 |
|
|
|a 337 p
|
| 506 |
1 |
|
|a Contenido solo disponible en los productos indicados
|d vLex Global
|d vLex Global (Academic Edition, excluding Law Schools)
|d vLex Global (U.S. Academic Edition, Law Schools)
|d vLex Global (U.S. Academic Edition, excluding Law Schools)
|d vLex Global (Academic Edition, Law Schools)
|
| 650 |
0 |
7 |
|a Sociologa̕
|2 Tesauro vLex
|
| 650 |
0 |
7 |
|a Juicio civil
|2 Tesauro vLex
|
| 650 |
0 |
7 |
|a Procesal
|2 Tesauro vLex
|
| 650 |
0 |
7 |
|a Ley de enjuiciamiento civil
|2 Tesauro vLex
|
| 650 |
0 |
7 |
|a Proceso civil
|2 Tesauro vLex
|
| 740 |
0 |
|
|a vLex Libros (Servicios en ln̕ea)
|
| 856 |
4 |
0 |
|u http://vlex.com/source/1244
|z Acceso restringido
|
| 942 |
|
|
|c BOOK
|
| 999 |
|
7 |
|a Sociology.
|
| 999 |
|
7 |
|a Sociologa̕.
|